[Event "CRO-ch U13"]
[Site "Trogir"]
[Date "2023.06.25"]
[Round "7"]
[White "Kvaternik, Juraj"]
[Black "Tomljenovic, Ivan1111"]
[Result "1-0"]
[WhiteElo "1763"]
[BlackElo "1536"]
[PlyCount "103"]
[EventDate "2023.06.21"]
[EventType "swiss"]
[EventRounds "9"]
[EventCountry "CRO"]
[SourceTitle "EXT 2024"]
[Source "ChessBase"]
[SourceDate "2023.10.10"]
[SourceVersion "1"]
[SourceVersionDate "2023.10.10"]
[SourceQuality "1"]

1. d4 Nf6 2. c4 e6 3. Nc3 b6 4. Bf4 d6 5. e3 Bb7 6. Nf3 Nbd7 7. Bd3 Be7 8. Qc2 c5 9. 0-0 cxd4 10. exd4 Bxf3 11. gxf3 0-0 12. Ne4 d5 13. cxd5 Nxd5 14. Bg3 f5 15. Nc3 Nxc3 16. bxc3 f4 17. Bc4 Rf6 18. Bh4 Rg6+ 19. Bg3 fxg3 20. hxg3 Bh4 21. Bd3 Rh6 22. Kg2 g6 23. Rh1 Bg5 24. Rxh6 Bxh6 25. Bxg6 hxg6 26. Qxg6+ Bg7 27. Qxe6+ Kf8 28. Qf5+ Nf6 29. g4 Qd7 30. Qf4 Ke8 31. g5 Nd5 32. Qe4+ Kd8 33. c4 Ne7 34. Qxa8+ Nc8 35. Rd1 Qe7 36. Qd5+ Kc7 37. c5 b5 38. c6 Nd6 39. Rh1 Qf8 40. Rh7 Nf5 41. Qd7+ Kb6 42. Qb7+ Ka5 43. c7 Nd6 44. c8Q Nxc8 45. Rxg7 a6 46. Qc7+ Ka4 47. Rg6 a5 48. Rc6 Nd6 49. Qxd6 Qf5 50. Qc5 Qd3 51. Qc2+ Qxc2 52. Rxc2 1-0

[Event "CRO-ch U13"]
[Site "Trogir"]
[Date "2023.06.25"]
[Round "8"]
[White "Perak, Matej"]
[Black "Kvaternik, Juraj"]
[Result "1/2-1/2"]
[WhiteElo "1250"]
[BlackElo "1763"]
[PlyCount "52"]
[EventDate "2023.06.21"]
[EventType "swiss"]
[EventRounds "9"]
[EventCountry "CRO"]
[SourceTitle "EXT 2024"]
[Source "ChessBase"]
[SourceDate "2023.10.10"]
[SourceVersion "1"]
[SourceVersionDate "2023.10.10"]
[SourceQuality "1"]

1. e4 c5 2. Nf3 d6 3. d4 cxd4 4. Nxd4 g6 5. c4 Bg7 6. Nc3 Nc6 7. Be3 Nf6 8. f3 0-0 9. Be2 e6 10. 0-0 Qc7 11. Qd2 a6 12. b3 d5 13. cxd5 exd5 14. exd5 Nxd4 15. Bxd4 Rd8 16. Rac1 Qa5 17. Rfd1 b5 18. Ne4 Qxd2 19. Nxd2 Rxd5 20. Ne4 Nxe4 21. Bxg7 Rxd1+ 22. Rxd1 Kxg7 23. fxe4 Bb7 24. Bf3 Re8 25. Rd4 Rc8 26. Rd2 Re8 1/2-1/2

[Event "CRO-ch U13"]
[Site "Trogir"]
[Date "2023.06.21"]
[Round "1"]
[White "Kvaternik, Juraj"]
[Black "Tadic, Jure"]
[Result "1/2-1/2"]
[WhiteElo "1763"]
[BlackElo "1830"]
[PlyCount "116"]
[EventDate "2023.06.21"]
[EventType "swiss"]
[EventRounds "9"]
[EventCountry "CRO"]
[SourceTitle "EXT 2024"]
[Source "ChessBase"]
[SourceDate "2023.10.10"]
[SourceVersion "1"]
[SourceVersionDate "2023.10.10"]
[SourceQuality "1"]

1. d4 Nf6 2. c4 Nc6 3. Nf3 e6 4. Nc3 Bb4 5. Bd2 d6 6. a3 Bxc3 7. Bxc3 0-0 8. e3 Qe7 9. Bd3 e5 10. d5 Nb8 11. Bc2 a5 12. a4 Nbd7 13. 0-0 Nc5 14. b4 axb4 15. Bxb4 Nfe4 16. Nd2 f5 17. Nxe4 Nxe4 18. Bxe4 fxe4 19. Qc2 Qg5 20. Qxe4 Bf5 21. f4 Qg6 22. Qf3 Bd3 23. Rfc1 exf4 24. exf4 Rf7 25. Ra3 Be4 26. Qg3 Qh6 27. Rf1 Raf8 28. Bd2 Rf6 29. Qe1 Bf5 30. a5 Qg6 31. Rg3 Qf7 32. Bc3 Rg6 33. Qf2 h5 34. h3 Re8 35. Re1 Re4 36. Rxe4 Bxe4 37. Rxg6 Qxg6 38. Qe2 Bd3 39. Qb2 Bxc4 40. Qxb7 Qd3 41. Qxc7 Qxc3 42. Qc8+ Kh7 43. Qf5+ g6 44. Qd7+ Kh6 45. Qxd6 Qd4+ 46. Kh2 Qxd5 47. Qf8+ Kh7 48. Qe7+ Qf7 49. Qxf7+ Bxf7 50. a6 Kg7 51. a7 Bd5 52. g4 h4 53. Kg1 Kf6 54. Kf2 Ke6 55. Ke3 Bb7 56. f5+ gxf5 57. Kf4 fxg4 58. Kxg4 Kf6 1/2-1/2